000
00283nam a22001217a 4500
020
_a
0-7500-1508 -X
082
_a
823
_b
SIM/B
100
_a
SIMON & SCHUSTER YOUNG BOOKS
245
_a
BUDGIE GOES TO SEA
260
_a
UK
_b
SIMON & SCHUSTER
650
_a
ENGLISH SHORT STORY
942
_c
BK
999
_c
3380
_d
3380